000 00752nam a2200241Ia 4500
003 OSt
005 20220926022512.0
006 a|||||r|||| 00| 0
007 ta
008 220923b |||||||| |||| 00| 0 eng d
037 _cGeneral Book
040 _aRTL
_cRTL
_beng
041 _2eng
_aeng
082 _aV1N45,933:8.N73:(Z:55), L4
110 _aUnited Nations. Dag Hammarskjold Library
_9301268
245 0 _aIndex to the proceedings of the General Assembly 2
260 _aNew York
_bUnited Nations U. S. A.
_c1974
300 _aiv, 247p.
_ccm.
650 _aHistory
700 _aUnited Nations. Dag Hammarskjold Library
_9301269
942 _hV1N45,933:8.N73:(Z:55), L4
_cGB
_2CC
999 _c639636
_d639636